The Great Anagram Conundrum - Statistics

General Stats
  • This quiz has been taken 1,193 times
  • The average score is 13 of 20
Answer Stats
Phrase Answer % Correct
Lip LAMB Lip BALM
100%
PEACH Shot CHEAP Shot
98%
EARL Estate REAL Estate
98%
Weakest KILN Weakest LINK
98%
MOAT Bomb ATOM Bomb
97%
Double READ Double DARE
97%
HATE Wave HEAT Wave
97%
Rock TSAR Rock STAR
97%
Sugar ACNE Sugar CANE
97%
Trojan SHORE Trojan HORSE
97%
Double INCH Double CHIN
96%
Icecream ONCE Icecream CONE
96%
PINCER Charming PRINCE Charming
96%
SOOTHING Star SHOOTING Star
96%
MOTET Pole TOTEM Pole
96%
High EDIT High TIDE
95%
AMPLE Leaf MAPLE Leaf
95%
Meat FOAL Meat LOAF
95%
ETCH Startup TECH Startup
95%
CAFE Value FACE Value
94%
HAUL Hoop HULA Hoop
94%
Love MOPE Love POEM
94%
Mini FLOG Mini GOLF
94%
HOSE Polish SHOE Polish
94%
BLEAT Manners TABLE Manners
94%
Tourist TRACTATION Tourist ATTRACTION
94%
Airplane DEMO Airplane MODE
93%
Boiling PINOT Boiling POINT
93%
CRITIC Acid CITRIC Acid
93%
MAGMA Ray GAMMA Ray
93%
GAMIC Carpet MAGIC Carpet
93%
Magic DAWN Magic WAND
93%
LAMP Tree PALM Tree
93%
Peer VIEWER Peer REVIEW
93%
Cry FOWL Cry WOLF
92%
Natural ELECTIONS Natural SELECTION
92%
CRAPS Yard SCRAP Yard
92%
PARSE Change SPARE Change
92%
Tectonic PETAL Tectonic PLATE
92%
LATER Ego ALTER Ego
91%
TEACH Sheet CHEAT Sheet
91%
LAUD Citizenship DUAL Citizenship
91%
French STOAT French TOAST
91%
Love OPTION Love POTION
91%
PREFECT Pitch PERFECT Pitch
91%
SAWN Song SWAN Song
91%
MARITAL Arts MARTIAL Arts
90%
Stomach EACH Stomach ACHE
90%
Bermuda INTEGRAL Bermuda TRIANGLE
89%
REEF Rein FREE Rein
89%
THICKEN Sink KITCHEN Sink
89%
Patron SATIN Patron SAINT
89%
ASSUAGE Roll SAUSAGE Roll
89%
Christmas CORAL Christmas CAROL
88%
DIARY Farm DAIRY Farm
88%
Elbow AGREES Elbow GREASE
88%
GENRE Salad GREEN Salad
88%
News ARCHON News ANCHOR
88%
Acquired STATE Acquired TASTE
87%
EARTH Attack HEART Attack
87%
Ivory TACOS Ivory COAST
87%
PLUM Sum LUMP Sum
87%
Standup DEMONIAC Standup COMEDIAN
87%
Daily BEARD Daily BREAD
86%
Humble ADOBE Humble ABODE
86%
Praying MATINS Praying MANTIS
86%
SKATE Knife STEAK Knife
86%
Virtual IRATELY Virtual REALITY
86%
Wind TRIBUNE Wind TURBINE
86%
Worthy SAUCE Worthy CAUSE
86%
BRIEF Optic FIBER Optic
85%
Imaginary FINDER Imaginary FRIEND
85%
Instruction ALUMNA Instruction MANUAL
85%
Magnum SOUP Magnum OPUS
85%
Brain NADIR Brain DRAIN
84%
Business CAUSAL Business CASUAL
84%
Cardiac STARER Cardiac ARREST
84%
HIRE Apparent HEIR Apparent
84%
BOLSTER Bisque LOBSTER Bisque
84%
THING Vision NIGHT Vision
84%
Prison WANDER Prison WARDEN
84%
SNAKE Preview SNEAK Preview
84%
RANGE Management ANGER Management
83%
CRAVING Knife CARVING Knife
83%
Piano RIOT Piano TRIO
83%
SERPENT Tense PRESENT Tense
83%
Suspension BEGIRD Suspension BRIDGE
83%
BROAD Meeting BOARD Meeting
82%
Guardian GLEAN Guardian ANGEL
82%
MOCHA Man MACHO Man
82%
VENAL Gazing NAVEL Gazing
82%
Police RINSE Police SIREN
82%
GESTAPO Stamp POSTAGE Stamp
82%
BRAZE Crossing ZEBRA Crossing
82%
Biological ENTRAP Biological PARENT
81%
EXALT Gloves LATEX Gloves
81%
Blood SELVES Blood VESSEL
80%
Collision SOURCE Collision COURSE
80%
BIDET Card DEBIT Card
80%
Vanilla SENESCE Vanilla ESSENCE
80%
LATITUDE Sickness ALTITUDE Sickness
79%
Chain CREATION Chain REACTION
79%
Control FAKER Control FREAK
79%
Funeral PREY Funeral PYRE
79%
RAMBLE Cake MARBLE Cake
79%
INAPT Gun PAINT Gun
79%
Burning RESIDE Burning DESIRE
78%
Cargo PANEL Cargo PLANE
78%
CHINA Letter CHAIN Letter
78%
HARICOT Race CHARIOT Race
78%
DANGER Gnome GARDEN Gnome
78%
Agony TUNA Agony AUNT
77%
Baby LATTER Baby RATTLE
77%
Bee MARCHER Bee CHARMER
77%
DESCENT Candle SCENTED Candle
77%
Toxic SWEAT Toxic WASTE
77%
Winning SLIME Winning SMILE
77%
Fire ABRIDGE Fire BRIGADE
76%
Geiger TROUNCE Geiger COUNTER
76%
Marriage SILENCE Marriage LICENSE
76%
Nickel LOYAL Nickel ALLOY
76%
Opera RESIGN Opera SINGER
76%
CAPITOL Illusion OPTICAL Illusion
76%
MANILA Instinct ANIMAL Instinct
75%
EIGHTHS Bidder HIGHEST Bidder
75%
CABER Position BRACE Position
74%
SWART Hat STRAW Hat
74%
Substitute HECTARE Substitute TEACHER
74%
LANCE Sweep CLEAN Sweep
73%
Daring SECURE Daring RESCUE
73%
MANGER Shepherd GERMAN Shepherd
73%
LAMENT Block MENTAL Block
73%
Ingrown ELATION Ingrown TOENAIL
72%
Second GNOMIC Second COMING
72%
SCAPE Station SPACE Station
72%
LATENT Scout TALENT Scout
72%
Volcanic TRACER Volcanic CRATER
72%
Wine RECALL Wine CELLAR
72%
ANILE Abduction ALIEN Abduction
71%
NEAREST Hemisphere EASTERN Hemisphere
71%
Lucky BAKER Lucky BREAK
71%
Master BOREDOM Master BEDROOM
71%
APPAL Bull PAPAL Bull
71%
ATTIC Approval TACIT Approval
71%
AMBLE Game BLAME Game
70%
Clean LEAST Clean SLATE
70%
CONDOR Bleu CORDON Bleu
70%
Lunar SHAPE Lunar PHASE
70%
Pipe GROAN Pipe ORGAN
70%
CHASER Warrant SEARCH Warrant
70%
Stick INCEST Stick INSECT
70%
TABOR Mission ABORT Mission
69%
RUSTIC Fruit CITRUS Fruit
69%
LAYER Retirement EARLY Retirement
69%
Personal TERRAIN Personal TRAINER
69%
RECENT Stage CENTER Stage
68%
BRAILLE Democracy LIBERAL Democracy
68%
DECIMAL Procedure MEDICAL Procedure
68%
Repeat FOREFEND Repeat OFFENDER
68%
TESTING Sail SETTING Sail
68%
INGENUE Article GENUINE Article
67%
Self SPECTRE Self RESPECT
67%
UNBAR Warfare URBAN Warfare
67%
Dirty REPAID Dirty DIAPER
66%
SIENNA Asylum INSANE Asylum
66%
METEOR Control REMOTE Control
66%
PASTEL Diet STAPLE Diet
66%
FRINGE Puppet FINGER Puppet
65%
RESERVE Engineer REVERSE Engineer
65%
Royal RECEDE Royal DECREE
65%
Camera TORPID Camera TRIPOD
64%
GETAWAY Drug GATEWAY Drug
64%
Triple HATTER Triple THREAT
64%
MOLAR Compass MORAL Compass
63%
Peanut GALLERY Peanut ALLERGY
63%
Water TRIFLE Water FILTER
63%
Apex TEARDROP Apex PREDATOR
62%
Personal SATANISTS Personal ASSISTANT
62%
BRAID Dog RABID Dog
62%
SHINGLE Muffin ENGLISH Muffin
61%
Living REGAL Living LARGE
61%
Mission TESTAMENT Mission STATEMENT
61%
ROUTE Limits OUTER Limits
61%
PRESUME Court SUPREME Court
61%
SMOTHER Flask THERMOS Flask
61%
DRAWBACK Glance BACKWARD Glance
60%
Nail CRIPPLE Nail CLIPPER
60%
Rhyming OCTUPLE Rhymic COUPLET
60%
AGREE Beaver EAGER Beaver
59%
FIGHTER Train FREIGHT Train
59%
DERANGE Launcher GRENADE Launcher
59%
STREAM Key MASTER Key
59%
KNEAD Ambition NAKED Ambition
59%
Paper NACRE Paper CRANE
59%
ANTLER Car RENTAL Car
59%
DREAM Robbery ARMED Robbery
58%
Popular MADDEN Popular DEMAND
58%
UNWARY Model RUNWAY Model
58%
LATHER Top HALTER Top
57%
Highway PORTAL Highway PATROL
57%
Price INTRODUCE Price REDUCTION
57%
Quantum MISCHANCE Quantum MECHANICS
57%
Tax BEATER Tax REBATE
57%
TRAMLINE Velocity TERMINAL Velocity
57%
TALON Harmony TONAL Harmony
57%
RIBALD Gown BRIDAL Gown
56%
Instant PARLEY Instant REPLAY
56%
Knights TRAMPLE Knights TEMPLAR
56%
MEDIAN Voyage MAIDEN Voyage
56%
LACONIC Flask CONICAL Flask
55%
Drug CLARET Drug CARTEL
55%
Movie RETRIAL Movie TRAILER
55%
Secret PIERCE Secret RECIPE
55%
SLAIN Mail SNAIL Mail
55%
HATRED Count THREAD Count
55%
TREAD Secret TRADE Secret
55%
TABLET Cry BATTLE Cry
54%
Extra DIRECT Extra CREDIT
54%
ARISE Hell RAISE Hell
54%
CATER Element TRACE Element
54%
Traffic CLERIC Traffic CIRCLE
54%
CANOE Liner OCEAN Liner
53%
Arm SWELTER Arm WRESTLE
52%
PLEAD Pusher PEDAL Pusher
52%
SALVE Driver SLAVE Driver
52%
Archaeological SEMINAR Archaeological REMAINS
51%
DEALT Ray DELTA Ray
51%
False SOLID False IDOLS
51%
Military JAUNT Military JUNTA
51%
BARBEL Rouser RABBLE Rouser
51%
CLEANSE Triangle SCALENE Triangle
51%
ROYALIST Confinement SOLITARY Confinement
51%
MUTILATE Frisbee ULTIMATE Frisbee
51%
Hang GIRDLE Hang GLIDER
50%
Trapeze STRAIT Trapeze ARTIST
50%
Black DREAD Black ADDER
49%
Christmas COORDINATE Christmas DECORATION
49%
ENLARGE Knowledge GENERAL Knowledge
49%
SORBET Light STROBE Light
49%
Swiss CANNOT Swiss CANTON
49%
VACATE Emptor CAVEAT Emptor
48%
Garlic BATHER Garlic BREATH
48%
British HORNET British THRONE
47%
MASER Campaign SMEAR Campaign
47%
Bean STUPOR Bean SPROUT
46%
Corn COWHERD Corn CHOWDER
46%
DILATE Oriented DETAIL Oriented
46%
REMAIN Creature MARINE Creature
46%
Operating REPRODUCE Operating PROCEDURE
46%
SATYR Dog STRAY Dog
46%
FRETFUL Oil TRUFFLE Oil
46%
Wind SHARE Wind SHEAR
46%
CAUTION Block AUCTION Block
45%
Hypnotic NECTAR Hypnotic TRANCE
45%
Newspaper RECITAL Newspaper ARTICLE
45%
Winning SKATER Winning STREAK
45%
Within SENORA Within REASON
44%
BRAINY Code BINARY Code
43%
Egg CANTOR Egg CARTON
43%
High ASPIRE High PRAISE
43%
Sodium TERTIAN Sodium NITRATE
43%
Animal CUTLERY Animal CRUELTY
42%
Drill ESTRANGE Drill SERGEANT
42%
TINSEL Majority SILENT Majority
42%
RUGGED Match GRUDGE Match
41%
STARLET Reflex STARTLE Reflex
41%
First PERMISSION First IMPRESSION
40%
REPLAY Gates PEARLY Gates
40%
Sovereign ANOINT Sovereign NATION
38%
STUNTED Discount STUDENT Discount
38%
Time UPSCALE Time CAPSULE
38%
Greek GYRATED Greek TRAGEDY
37%
Shipping MAGENTA Shipping MAGNATE
37%
VECTOR Operation COVERT Operation
36%
COGNITION Mode INCOGNITO Mode
35%
ALLURE Wreath LAUREL Wreath
35%
UMLAUT Understanding MUTUAL Understanding
35%
Religious CENTROID Religious DOCTRINE
35%
Symphony CARTHORSE Symphony ORCHESTRA
35%
BEGIN Watch BINGE Watch
33%
RECLAIM Worker MIRACLE Worker
33%
Ring INBRED Ring BINDER
33%
DISEASE Holiday SEASIDE Holiday
33%
ENABLE Whale BALEEN Whale
32%
Regional CITADEL Regional DIALECT
32%
Secret MARRIED Secret ADMIRER
32%
Academic TUREEN Academic TENURE
29%
Fast PLEASE Fast ASLEEP
28%
BLEARY Sugar BARLEY Sugar
27%
ACROSTIC Method SOCRATIC Method
27%
TANGERINE Republic ARGENTINE Republic
26%
PERCUSSION Jet SUPERSONIC Jet
26%
Welsh ARBITER Welsh RAREBIT
25%
High SENATOR High TREASON
24%
ALIGNED Lady LEADING Lady
23%
Train PROTEST Train SPOTTER
23%
ASPIRANT Politics PARTISAN Politics
22%
LITTORAL Chip TORTILLA Chip
22%
UNREAL Network NEURAL Network
20%
TEDIOUS World OUTSIDE World
20%
POINTER Shake PROTEIN Shake
20%
DOWNLOAD Critter WOODLAND Critter
20%
IMPART Hair ARMPIT Hair
19%
SPOILT Whip PISTOL Whip
15%
COCAINE Crust OCEANIC Crust
13%
ODORANT Alley TORNADO Alley
13%
ALARMING Cost MARGINAL Cost
11%
Solar UNABLE Solar NEBULA
11%
Zero COETERNAL Zero TOLERANCE
11%
Library COAGULATE Library CATALOGUE
10%
RELATION Rug ORIENTAL Rug
8%
SMARTEST Pad MATTRESS Pad
6%
No matching quizzes found
Score Distribution
Percent of People with Each Score
Percentile by Number Answered
Your Score History
You have not taken this quiz